000 00527nam a2200181 i 4500
001 22990
003 ES-MaACL
005 20230906152807.0
007 t|
008 021205s1974 sp ||||1| spa d
100 1 _aAlston, William P.
_920499
245 1 0 _aFilosofía del lenguaje /
_cWilliam P. Alston ; versión de Violeta Demonte.
260 _a[Madrid] :
_bAlianza,
_c[1974]
300 _a161 p. ;
_c20 cm.
650 4 _aLenguaje-
_xFilosofía.
_914344
700 1 _aDemonte, Violeta.
_943665
852 _aES-MaACL
_jE-7878
999 _c22990
_d22990